Statistics for Warhammer 40k Salamanders Quiz

Click here to take the quiz!

General Stats

  • This quiz has been taken 9 times
  • The average score is 9 of 20

Answer Stats

HintAnswer% Correct
Primarch of the SalamandersVulkan
100%
Legion Number of the Salamanders (Roman Numerals)XVIII
83%
Name for Members of First Company, clad in Terminator ArmourFiredrakes
67%
Home Planet of the SalamandersNocturne
67%
Current Captain of Salamander's Third CompanyAdrax Agatone
50%
Moon of Above planet and home to Salamander's fortress MonasteryPrometheus
50%
Chapter Master of Salamanders from 938.M41 to presentTu'Shan
50%
Current Forgefather of the Salamanders ChapterVulkan He'Stan
50%
Length of year on Salamander's Home Planet (Earth Years)15 Years
33%
First and Only Salamander to Hail from IgneaHazon Dak'ir
33%
Veteran Sergeant of Above UnitHerculon Praetor
33%
Captain of Salamander's Third Company, killed by Ghor'Gan with Multi-MeltaKo'tan Kadai
33%
Leader of renegade warband Dragon WarriorsNihilan
33%
Captain of Salamander's Third Company, betrayed and killed by another SalamanderN'keln
33%
Planet of above Captain's DemiseStratos
33%
Period of time when the moon of the Salamander's Home Planet comes too close to the Planet, once every yearThe Time of Trial
33%
Rival Sergeant of above Salamander, later inducted into First CompanyZek Tsu'Gan
33%
Betrayer of above CaptainCerbius Iagon
17%
Planet of above Captain's DemiseScoria
17%
Number of Salamanders CompaniesSeven
17%

Score Distribution

Percentile by Number Answered

Percent of People with Each Score

Your Score History

You have not taken this quiz